Les personnages de Naruto en image #1 - Statistiques

Statistiques générales
  • Ce quiz a été pris 107 fois
  • Le résultat moyen est 7 sur 16
Statistiques - réponses
Par images Réponse % Correct
Dan
77%
Ebisu
73%
Isobu
71%
Han
68%
Kinkaku
67%
Moegi
67%
Torune
52%
Shibi
43%
Tazuna
36%
Shima
33%
Ayame
28%
Sora
25%
Motoi
23%
Yashamaru
16%
Hina
4%
Banna
3%
Aucun quiz correspondant
Distribution des résultats
% des personnes avec chaque résultat
Percentile par nombre de réponses
Votre historique - résultats
Vous n’avez pas pris ce quiz